Capitals of Former Countries (with map) - Statistics

General Stats
  • This quiz has been taken 211 times
  • The average score is 6 of 10
Answers on the Map
Answers color-coded by a green-red scale on the quiz's map according to % correct below.
 
Answer Stats
Country Until Current Pop City % Correct
Yugoslavia 1992 1.69 m Belgrade
95%
West Germany 1990 327 k Bonn
87%
South Vietnam 1975 8.99 m Saigon
84%
Confederate States of America 1865 1.26 m Richmond
79%
South Yemen 1990 1.76 m Aden
74%
Newfoundland 1937 210 k St. John's
71%
Rhodesia 1979 1.61 m Salisbury
27%
Manchukuo 1945 4.04 m Hsinking
22%
Tannu Tuva 1944 117 k Kyzyl
16%
Sikkim 1975 100 k Gangtok
13%
No matching quizzes found
Score Distribution
Percent of People with Each Score
Percentile by Number Answered
Your Score History
You have not taken this quiz